Movies Quiz

Random Movies or Baseball Quiz

Baseball Movie Teams Quiz Stats

 Plays Quiz not verified by Sporcle

Challenge
Share
Tweet
Embed
Score 0/14 Timer 05:00
0 Plays Today
Movie Team % Correct
Angels In The OutfieldAngels
99.3%
Major LeagueIndians
95.3%
Rookie Of The YearCubs
95.3%
Fever PitchRed Sox
95.3%
Eight Men OutWhite Sox
88.1%
The ScoutYankees
87.1%
Little Big LeagueTwins
82.4%
Movie Team % Correct
The RookieRays
76.3%
For Love Of The GameTigers
74.5%
Mr. 3000Brewers
74.5%
The FanGiants
69.8%
A League Of Their OwnPeaches
56.5%
Kid From Left FieldPadres
23.4%
Mr. BaseballDragons
20.9%

You're not logged in!

Compare scores with friends on all Sporcle quizzes.
OR
Log In

You Might Also Like...

Show Comments

Extras

Created Apr 24, 2010ReportNominate
Tags:Baseball Quiz, team

Top Quizzes Today


Score Distribution

Your Account Isn't Verified!

In order to create a playlist on Sporcle, you need to verify the email address you used during registration. Go to your Sporcle Settings to finish the process.

Report this User

Report this user for behavior that violates our Community Guidelines.

Details: